000 00663nam a22002297a 4500
003 LK-CoDNM
005 20241120100344.0
008 241015b |||||||| |||| 00| 0 eng d
040 _aLK-CoDNM
_dLK-CoDNM
_eLK-CoDNM
041 _aeng
080 _aPA
_bE7
245 _aAsiatica-1929( Vol.2 )
_bNo.1
246 _aA monthly record of literature dealing with the east and with Africa
260 _aLondon
_bTrubner & Co, ltd.
_c1929
300 _b69p. ; 24 cm
650 _aAsiatica-1929( Vol.2 )
650 _aNo.1
650 _aA monthly record of literature dealing with the east and with Africa
650 _aPA E7
650 _a1929
942 _cBK
999 _c231048
_d231048